| 000 | 00749nam a2200229Ia 4500 | ||
|---|---|---|---|
| 003 | CO-CtgCURN | ||
| 005 | 20250408220441.0 | ||
| 008 | 190723s9999 xx 000 0 und d | ||
| 020 | _a8482725165 | ||
| 040 |
_aCO-CtgCURN _bspa _ccoctgcurn |
||
| 082 |
_a346.07 _bC824 |
||
| 100 | _aCorrea Arango, Gabriel | ||
| 245 | 0 |
_aDe los principales contratos mercantiles / _cGabriel correa Arango |
|
| 260 |
_aBogotá, Colombia : _bEditorial Temis, _c1991 |
||
| 300 |
_a347 páginas ; _c23 centímetros |
||
| 521 | _aAREA PROFESIONAL | ||
| 590 | _aPrograma de Derecho_18 | ||
| 650 | _aContratos | ||
| 650 | _aDerecho comercial | ||
| 942 |
_cBK _h346.07 _iC824 _2ddc _n0 |
||
| 999 |
_c29341 _d29341 |
||